Statistics for Famous Faces - May Birthdays

Click here to take the quiz!

General Stats

  • This quiz has been taken 251 times
  • The average score is 13 of 31

Answer Stats

Answer% Correct
John F. Kennedy
95%
Mark Zuckerberg
90%
Salvador Dali
76%
Audrey Hepburn
74%
Pope John Paul II
70%
Clint Eastwood
66%
Harry S. Truman
63%
Karl Marx
62%
Billy Joel
61%
Sigmund Freud
59%
Jeffrey Dahmer
55%
Florence Nightingale
49%
Malcolm X
49%
Liberace
45%
Joan Collins
42%
CeeLo Green
37%
Golda Meir
35%
Bob Saget
33%
Sally Ride
30%
Catherine the Great
29%
Ted Kaczynski
26%
Jim Jones
23%
Madeleine Albright
23%
Jean-Paul Marat
21%
Octavia Spencer
21%
Tim McGraw
21%
Josip Broz Tito
18%
John Wilkes Booth
16%
Jim Thorpe
13%
Toussaint Louverture
11%
Rachel Carson
2%

Score Distribution

Percentile by Number Answered

Percent of People with Each Score

Your Score History

You have not taken this quiz